logo

OBJETIVO CERO: LA HISTORIA DEL ETARRA CONFIDENTE DE LA GUARDIA CIVIL QUE ENTREGO A ARTAPALO LA CUPULA DE BIDART (Record no. 65087)

MARC details
000 -CABECERA
campo de control de longitud fija 00555nam a2200181Ia 4500
001 - NÚMERO DE CONTROL
campo de control 29767
005 - FECHA Y HORA DE LA ÚLTIMA TRANSACCIÓN
campo de control 20260407094505.0
008 - CÓDIGOS DE INFORMACIÓN DE LONGITUD FIJA
campo de control de longitud fija 260115s9999 xx 000 0 und d
010 ## - NÚMERO DE CONTROL DE LA BIBLIOTECA DEL CONGRESO
Número de control de LC 65087
035 ## - NÚMERO DE CONTROL DEL SISTEMA
Número de control de sistema 19868
090 ## - LOCALMENTE ASIGNADO TIPO-LC NÚMERO DE CLASIFICACIÓN (OCLC); NÚMERO DE CLASIFICACIÓN LOCAL (RLIN)
Número de clasificación (OCLC) (R) ; Numero de clasificación CALL (RLIN) (NR) 323.28; 946.015
100 ## - PUNTO DE ACCESO PRINCIPAL - NOMBRE DE PERSONA
Nombre de persona ZULOAGA LOPEZ JESUS MARIA
245 #0 - MENCIÓN DE TÍTULO
Título OBJETIVO CERO: LA HISTORIA DEL ETARRA CONFIDENTE DE LA GUARDIA CIVIL QUE ENTREGO A ARTAPALO LA CUPULA DE BIDART
260 ## - PUBLICACIÓN, DISTRIBUCIÓN, ETC. (PIE DE IMPRENTA)
Nombre del editor distribuidor etc. LA ESFERA DE LOS LIBROS
Fecha de publicación distribución etc. 2006
630 ## - PUNTO DE ACCESO ADICIONAL DE MATERIA--TÍTULO UNIFORME
Título uniforme TERRORISMO PERSECUCION POLITICA
650 ## - PUNTO DE ACCESO ADICIONAL DE MATERIA--TÉRMINO DE MATERIA
Término de materia o nombre geográfico como elemento inicial HISTORIA DEL PAÍS VASCO
942 ## - ELEMENTOS DE PUNTO DE ACCESO ADICIONAL (KOHA)
Tipo de ítem Koha Monografías
Holdings
Estado de retiro Estado de pérdida Estado dañado No para préstamo Código de colección Localización permanente Ubicación/localización actual Ubicación en estantería Fecha de adquisición Enumeración/cronología de publicación seriada Número de inventario Número de registro Total de préstamos Signatura topográfica completa Código de barras Fecha visto por última vez Número de copia Precio válido a partir de Tipo de ítem Koha Nota pública
          Servicio de Estudios Históricos Servicio de Estudios Históricos   27/11/2006 323.28; 946.015 26634 26634   19868 FH_29767 05/02/2026 1 05/02/2026 Monografías 24 X 16 CTMS, 244 PAGS, 21,15 € ISBN:84-9734-515-0